|
|
|
|
| LEADER |
00000nam a2200000 a 4500 |
| 001 |
vtls001146324 |
| 003 |
SK-MaSNL |
| 005 |
20260301153945.0 |
| 008 |
240314s1990 CS 0 cze |
| 020 |
|
|
|a 0946352 42 9
|
| 035 |
|
|
|a SNK000089181
|
| 040 |
|
|
|a SNK
|b slo
|c SNK
|e AACR2
|
| 041 |
0 |
|
|a cze
|
| 044 |
|
|
|a [CS]
|
| 100 |
1 |
|
|a Moravec, František,
|d 1895-1966
|4 aut
|9 186245
|
| 245 |
1 |
0 |
|a Špión, jemuž nevěřili
|c F Moravec
|
| 250 |
|
|
|a 3. vyd.
|
| 260 |
|
|
|a Praha
|b Rozmluvy
|c 1990
|
| 919 |
|
|
|a 0946352 42 9
|
| 958 |
|
|
|a OND
|
| 999 |
|
|
|c 795083
|d 797013
|
| 952 |
|
|
|t P60, <04>, [BOOK], {604}
|a SNK
|b SNK
|y VYP
|7 0
|p 17A0355081
|o snkSD 62729 D1
|i snkKIP 10900/90
|0 0
|1 0
|4 0
|d 2002-09-20
|l 0
|r 2005-01-01 00:00:00
|w 2026-02-24
|